|
|
|
|
| LEADER |
00850nam a2200277 4500 |
| 001 |
DLU090101448 |
| 005 |
##20091202 |
| 040 |
# |
# |
|a DLU
|b vie
|
| 041 |
# |
# |
|a vie
|
| 044 |
# |
# |
|a vn
|
| 100 |
# |
# |
|a Ngô Vương Anh.
|
| 245 |
# |
# |
|a Đồng bào Tây Nguyên với Bác Hồ và vấn đề đại đoàn kết dân tộc /
|c Ngô Vương Anh, Nguyễn Tố Lan.
|
| 653 |
# |
# |
|a Đại đoàn kết dân tộc
|
| 653 |
# |
# |
|a Hồ Chí Minh, 1890-1969
|
| 653 |
# |
# |
|a Tây Nguyễn
|
| 700 |
# |
# |
|a Nguyễn Tố Lan.
|
| 773 |
# |
# |
|t Huế xưa & nay
|g Số 72, 2005, tr. 11-16
|
| 920 |
# |
# |
|a Phòng Tạp chí -- Trung tâm Thông tin - Thư viện Trường Đại học Đà Lạt
|
| 994 |
# |
# |
|a DLU
|
| 900 |
# |
# |
|a True
|
| 911 |
# |
# |
|a Đào Thị Thu Huyền
|
| 925 |
# |
# |
|a G
|
| 926 |
# |
# |
|a A
|
| 927 |
# |
# |
|a BB
|
| 980 |
# |
# |
|a Thư viện Trường Đại học Đà Lạt
|